<?xml version="1.0" encoding="UTF-8"?>
<record
    xmlns:xsi="http://www.w3.org/2001/XMLSchema-instance"
    xsi:schemaLocation="http://www.loc.gov/MARC21/slim http://www.loc.gov/standards/marcxml/schema/MARC21slim.xsd"
    xmlns="http://www.loc.gov/MARC21/slim">

  <leader>01182nam a2200265 a 4500</leader>
  <controlfield tag="005">20151221102920.0</controlfield>
  <controlfield tag="008">090730s2001    ck bo  gr     00010 spa d</controlfield>
  <datafield tag="040" ind1=" " ind2=" ">
    <subfield code="a">CO-BoBLA </subfield>
    <subfield code="c">CO-BoBLA</subfield>
    <subfield code="d">CO-BoIAVH</subfield>
  </datafield>
  <datafield tag="041" ind1=" " ind2=" ">
    <subfield code="a">spa</subfield>
  </datafield>
  <datafield tag="044" ind1=" " ind2=" ">
    <subfield code="a">ck</subfield>
  </datafield>
  <datafield tag="082" ind1="0" ind2="4">
    <subfield code="a">578.778</subfield>
    <subfield code="b">L14l </subfield>
  </datafield>
  <datafield tag="245" ind1="1" ind2="3">
    <subfield code="a">La laguna de Nav&#xED;o Quebrado : </subfield>
    <subfield code="b">el ambiente y su gente / </subfield>
    <subfield code="c">Textos Ana Luc&#xED;a Trujillo C&#xE1;rdenas ; investigadores Proyecto Prolagunas Stefano Negri ...[et al.] ; fotograf&#xED;as Jaime D&#xED;az, Alessandro Dessi, Augusto Ragazzoni.</subfield>
  </datafield>
  <datafield tag="260" ind1="3" ind2=" ">
    <subfield code="a">Bogot&#xE1; : </subfield>
    <subfield code="b">Universidad de Bogot&#xE1; Jorge Tadeo Lozano, </subfield>
    <subfield code="c">2001.</subfield>
  </datafield>
  <datafield tag="300" ind1=" " ind2=" ">
    <subfield code="a">15 p&#xE1;ginas : </subfield>
    <subfield code="b">mapas, fotograf&#xED;as. ; </subfield>
    <subfield code="c">28 x 22 cm.</subfield>
  </datafield>
  <datafield tag="650" ind1="1" ind2="6">
    <subfield code="a">Lagunas</subfield>
    <subfield code="x"> Medio ambiente</subfield>
    <subfield code="z"> La Guajira (Colombia)</subfield>
    <subfield code="9">45225</subfield>
  </datafield>
  <datafield tag="650" ind1=" " ind2="6">
    <subfield code="a">Ecosistemas lacustres.</subfield>
    <subfield code="9">45217</subfield>
  </datafield>
  <datafield tag="650" ind1=" " ind2="4">
    <subfield code="a">Ecolog&#xED;a de lagunas.</subfield>
    <subfield code="9">45218</subfield>
  </datafield>
  <datafield tag="651" ind1=" " ind2="6">
    <subfield code="a">Nav&#xED;o Quebrado (Laguna, La Guajira, Colombia)</subfield>
    <subfield code="x"> Aspectos ambientales.</subfield>
    <subfield code="9">45226</subfield>
  </datafield>
  <datafield tag="700" ind1="1" ind2=" ">
    <subfield code="a">Trujillo C&#xE1;rdenas, Ana Luc&#xED;a</subfield>
    <subfield code="9">45227</subfield>
  </datafield>
  <datafield tag="700" ind1="1" ind2=" ">
    <subfield code="a">Negri, Stefano.</subfield>
    <subfield code="9">45221</subfield>
  </datafield>
  <datafield tag="700" ind1="1" ind2=" ">
    <subfield code="a">D&#xED;az, Jaime, </subfield>
    <subfield code="e">fotograf&#xED;a</subfield>
    <subfield code="9">45222</subfield>
  </datafield>
  <datafield tag="700" ind1="1" ind2=" ">
    <subfield code="a">Dessi, Alessandro, </subfield>
    <subfield code="e">fotograf&#xED;a</subfield>
    <subfield code="9">45223</subfield>
  </datafield>
  <datafield tag="700" ind1="1" ind2=" ">
    <subfield code="a">Ragazzoni, Augusto, </subfield>
    <subfield code="e">fotograf&#xED;a</subfield>
    <subfield code="9">45224</subfield>
  </datafield>
  <datafield tag="942" ind1=" " ind2=" ">
    <subfield code="2">ddc</subfield>
    <subfield code="c">LIBRO</subfield>
  </datafield>
  <datafield tag="999" ind1=" " ind2=" ">
    <subfield code="c">3106</subfield>
    <subfield code="d">3106</subfield>
  </datafield>
  <datafield tag="952" ind1=" " ind2=" ">
    <subfield code="0">0</subfield>
    <subfield code="1">0</subfield>
    <subfield code="2">z</subfield>
    <subfield code="4">0</subfield>
    <subfield code="7">0</subfield>
    <subfield code="8">HEMEROTECA</subfield>
    <subfield code="I">INV2017</subfield>
    <subfield code="a">Bogota</subfield>
    <subfield code="b">Bogota</subfield>
    <subfield code="d">2003-03-07</subfield>
    <subfield code="e">Instituto</subfield>
    <subfield code="g">39000.00</subfield>
    <subfield code="l">0</subfield>
    <subfield code="o">FG-0447</subfield>
    <subfield code="p">003462</subfield>
    <subfield code="r">2012-12-04 00:00:00</subfield>
    <subfield code="t">Ej. 1</subfield>
    <subfield code="w">2012-12-04</subfield>
    <subfield code="x">Donacion</subfield>
    <subfield code="y">Folleto</subfield>
  </datafield>
  <datafield tag="952" ind1=" " ind2=" ">
    <subfield code="0">0</subfield>
    <subfield code="1">0</subfield>
    <subfield code="2">z</subfield>
    <subfield code="4">0</subfield>
    <subfield code="7">0</subfield>
    <subfield code="8">HEMEROTECA</subfield>
    <subfield code="a">Bogota</subfield>
    <subfield code="b">Bogota</subfield>
    <subfield code="d">2020-01-31</subfield>
    <subfield code="l">0</subfield>
    <subfield code="o">FG-0447</subfield>
    <subfield code="p">044058</subfield>
    <subfield code="r">2020-01-31 00:00:00</subfield>
    <subfield code="t">Ej. 2</subfield>
    <subfield code="w">2020-01-31</subfield>
    <subfield code="x">Donacion</subfield>
    <subfield code="y">Folleto</subfield>
  </datafield>
</record>
